000 01098nam a2200229 a 4500
001 000965304
003 AM-YeHGA
005 20250617163137.0
008 130530s1960 ru r 000 0 rus d
040 _aAM-YeHGA
041 0 _arus
110 2 _aСмоленский государственный медицинский институт
245 1 0 _aБиблиография научных работ сотрудников Смоленского государственного медицинского института (1920-1959 гг.) /
_cСост. О.П. Карцева и др.; Отв. ред. Г.М. Стариков; Мин. здравоохр. РСФСР.
260 _aСмоленск :
_bБ. и.,
_c1960.
300 _a311 с. ;
_c20 см.
504 _aБиблиогр. в подстроч. примеч.
650 1 4 _aБиблиография изданий
700 1 _aСтариков, Г.М.
_eред.
_4edt
700 1 _aКарцева, О.П.
_eсост.
_4com
710 2 _aМинистерство здравоохранения РСФСР
090 _c504976
999 _c501562
_d501562